How to anticipate recession via transport indices

Vývoj odvetvia dopravy ako prognostický ekonomický ukazateľ. Analýza dynamiky rastu indexu nákladnej dopravy, príklad amerického dopravného priemyslu a aplikácia systému logistických modelov populačného rastu a konkurencie na týchto indexov odvetvia dopravy.

Gespeichert in:
Bibliographische Detailangaben
1. Verfasser: Jakubík, Petr
Weitere Verfasser: Kerimkhulle, Seyit, Teleuová, Saida
Format: Buchkapitel
Sprache:Englisch
Schlagworte:
Tags: Tag hinzufügen
Keine Tags, Fügen Sie das erste Tag hinzu!

MARC

LEADER 00000naa a2200000 4500
001 0238242
005 20220805075516.3
041 0 |a eng 
044 |a SK 
245 1 0 |a How to anticipate recession via transport indices  |c Petr Jakubík, Seyit Kerimkhulle, Saida Teleuová 
520 |a Vývoj odvetvia dopravy ako prognostický ekonomický ukazateľ. Analýza dynamiky rastu indexu nákladnej dopravy, príklad amerického dopravného priemyslu a aplikácia systému logistických modelov populačného rastu a konkurencie na týchto indexov odvetvia dopravy. 
610 2 0 |a doprava 
610 2 0 |a modely stochastické 
610 2 0 |a indexy 
610 2 0 |a logistika 
610 2 0 |a predvídanie 
610 2 0 |a recesia 
610 2 0 |a USA 
610 2 0 |a priemysel 
610 2 0 |a rast hospodársky 
100 1 |a Jakubík, Petr 
700 1 |a Kerimkhulle, Seyit 
700 1 |a Teleuová, Saida